| 000 | 00788cam a2200229 4500 | ||
|---|---|---|---|
| 001 | WB3738-10 | ||
| 008 | 011011n2001 000 0 eng u | ||
| 035 | _a(Sirsi) u115070 | ||
| 245 | _aHousebuilding: August 2001 | ||
| 260 | _c2001 | ||
| 490 |
_aDTLR News Release _v11 October 2001, (2) |
||
| 520 | _aDuring August 2001, approximately 15,200 dwellings were started compared with 15,500 in August 2000. Completions in the period were down to 12,700 from 13,300 in 2000. Further housebuilding statistics are on the DTLR website at http://www.dtlr.gov.uk. | ||
| 590 | _aWB | ||
| 650 | _aSTATISTICS | ||
| 650 | _aHOUSE BUILDING | ||
| 650 | _aCONSTRUCTION MARKET | ||
| 650 | _aNEW DWELLINGS | ||
| 650 | _aCOMPLETIONS | ||
| 650 | _aSTARTS | ||
| 690 | _aHOUSING | ||
| 942 | _n0 | ||
| 999 |
_c68545 _d68545 |
||